The New technologies : Readings for learners of English

Saved in:
Bibliographic Details
Corporate Author: National Council of Teachers of English
Format: Book
Language:English
Published: New York : McGraw-Hill, c1986
Subjects:
Tags: Add Tag
No Tags, Be the first to tag this record!

MARC

LEADER 00000cam a2200000 i 4500
001 1/58521
008 941103s1986 eng d
020 |a 0070465843  |c $8.95 
035 |l 10045924 
035 |a 1988  |c ΔΑΡΖΕΝΤΑ 
035 |a 1990  |c ΔΩΡΕΑ 
040 |a GR-MY-UA  |b gre  |e aacr 
041 0 |a eng 
082 0 |a 428.64  |2 (19) 
245 1 4 |a The New technologies :  |b Readings for learners of English /  |c Harold B. Allen, Betty Wallace Robinett 
260 |a New York :   |b McGraw-Hill,   |c c1986 
300 |a 122 p.;  |b ill.;  |c 23 cm 
500 |a "Third edition of English for today, book 4, Our changing technology"--T.p. verso 
500 |a Includes index 
650 0 0 |a Readers  |x Technology. 
650 0 0 |a English language  |v Textbooks for foreign speakers. 
650 0 0 |a Technological innovations. 
710 1 |a National Council of Teachers of English. 
852 |a INST  |b SAMOS  |e 19941103  |h 428.64 ALL  |p 005300000109  |q 005300000109  |t BK  |y 0 
852 |a INST  |b SAMOS  |e 19941103  |h 428.64 ALL  |p 005300000132  |q 005300000132  |t BK  |y 0 
852 |a INST  |b SAMOS  |e 19941103  |h 428.64 ALL  |p 005300002924  |q 005300002924  |t BK  |y 0 
909 |a Σ  |b 009467 
909 |a Σ  |b 020006 
909 |a Σ  |b 020007